[Event "Enschede op-E U14"]
[Site "Enschede"]
[Date "2009.08.04"]
[Round "2"]
[White "Hettfleisch, Franka"]
[Black "Salayeva, Sara"]
[Result "0-1"]
[WhiteElo "1000"]
[BlackElo "800"]
[PlyCount "44"]
[EventDate "2009.08.03"]
[EventType "swiss"]
[EventRounds "9"]
[EventCountry "NED"]
[SourceTitle "CBM 132 Extra"]
[Source "ChessBase"]
[SourceDate "2009.11.03"]
[SourceVersion "1"]
[SourceVersionDate "2009.11.03"]
[SourceQuality "1"]

1. e4 e5 2. Nf3 Nc6 3. Bc4 Nf6 4. d3 d6 5. 0-0 Bg4 6. Bg5 h6 7. Bxf6 Qxf6 8. Nc3 Be7 9. Nd5 Nd4 10. Nxd4 Qg5 11. f4 Qh4 12. Nf3 Qh5 13. Bb5+ c6 14. Nc3 cxb5 15. Nxb5 Rc8 16. Nc3 f5 17. a4 fxe4 18. dxe4 exf4 19. Nd5 Bh4 20. Ra3 Qg6 21. Qd3 Bh3 22. Kh1 Qxg2# 0-1